<?xml version="1.0" encoding="UTF-8"?>
<record
    xmlns:xsi="http://www.w3.org/2001/XMLSchema-instance"
    xsi:schemaLocation="http://www.loc.gov/MARC21/slim http://www.loc.gov/standards/marcxml/schema/MARC21slim.xsd"
    xmlns="http://www.loc.gov/MARC21/slim">

  <leader>00714nam a2200229 i 4500</leader>
  <controlfield tag="001">110874</controlfield>
  <controlfield tag="003">ES-MaACL</controlfield>
  <controlfield tag="005">20260112144020.0</controlfield>
  <controlfield tag="007">t|</controlfield>
  <controlfield tag="008">040429s1916    sp           |||| | spa d</controlfield>
  <datafield tag="080" ind1=" " ind2=" ">
    <subfield code="a">821.134.2-22"18"</subfield>
  </datafield>
  <datafield tag="100" ind1="1" ind2=" ">
    <subfield code="a">Trigo, Felipe.</subfield>
    <subfield code="9">111409</subfield>
  </datafield>
  <datafield tag="245" ind1="1" ind2="0">
    <subfield code="a">Trata de blancas (Mavi) : </subfield>
    <subfield code="b">comedia original e in&#xE9;dita / </subfield>
    <subfield code="c">Felipe Trigo.</subfield>
  </datafield>
  <datafield tag="260" ind1=" " ind2=" ">
    <subfield code="a">[Madrid : </subfield>
    <subfield code="b">La Novela Teatral, </subfield>
    <subfield code="c">1916]</subfield>
  </datafield>
  <datafield tag="300" ind1=" " ind2=" ">
    <subfield code="a">50 p. ; </subfield>
    <subfield code="c">20 cm.</subfield>
  </datafield>
  <datafield tag="490" ind1="1" ind2=" ">
    <subfield code="a">La novela teatral ; </subfield>
    <subfield code="v">1</subfield>
  </datafield>
  <datafield tag="599" ind1=" " ind2=" ">
    <subfield code="a">En cub.: caricatura de Felipe Trigo por F.G. Fresno.</subfield>
  </datafield>
  <datafield tag="700" ind1="0" ind2=" ">
    <subfield code="a">Fresno, </subfield>
    <subfield code="d">1881-1949</subfield>
    <subfield code="9">169727</subfield>
  </datafield>
  <datafield tag="830" ind1="1" ind2=" ">
    <subfield code="a">La novela teatral ; </subfield>
    <subfield code="v">1</subfield>
    <subfield code="9">122427</subfield>
  </datafield>
  <datafield tag="852" ind1="4" ind2=" ">
    <subfield code="a">ES-MaACL</subfield>
    <subfield code="j">2214-F-1</subfield>
  </datafield>
  <datafield tag="999" ind1=" " ind2=" ">
    <subfield code="c">110874</subfield>
    <subfield code="d">110874</subfield>
  </datafield>
  <datafield tag="952" ind1=" " ind2=" ">
    <subfield code="0">0</subfield>
    <subfield code="1">0</subfield>
    <subfield code="4">0</subfield>
    <subfield code="7">0</subfield>
    <subfield code="8">Colecci&#xF3;n_de_folletos</subfield>
    <subfield code="a">ATENEOM</subfield>
    <subfield code="b">ATENEOM</subfield>
    <subfield code="c">DEPOF</subfield>
    <subfield code="d">2008-01-17</subfield>
    <subfield code="e">SC</subfield>
    <subfield code="l">0</subfield>
    <subfield code="o">2214-F-1</subfield>
    <subfield code="p">1115685</subfield>
    <subfield code="r">2023-02-23 00:00:00</subfield>
    <subfield code="w">2023-02-23</subfield>
    <subfield code="y">FOLLETOS</subfield>
  </datafield>
</record>
